Major Languages - Statistics

General Stats
  • This quiz has been taken 106 times
  • The average score is 14 of 20
Answer Stats
Average Speakers in Millions Answer % Correct
250 Spanish
100%
350 English
99%
1,050 Chinese (Cantonese, Mandarin)
96%
150 Arabic
94%
135 Portuguese
94%
100 German
93%
70 French
91%
60 Italian
91%
200 Hindi
88%
120 Japanese
88%
150 Russian
88%
60 Korean
68%
50 Vietnamese
58%
55 Tamil
53%
150 Bengali
49%
70 Punjabi
36%
65 Javanese
30%
50 Marathi
20%
55 Telugu
19%
65 Bihari
1%
No matching quizzes found
Score Distribution
Percent of People with Each Score
Percentile by Number Answered
Your Score History
You have not taken this quiz